Discrimination and deaf adolescents' subjective well-being : (Record no. 24098)
[ view plain ]
| 000 -LEADER | |
|---|---|
| fixed length control field | 00862nam a22002177a 4500 |
| 003 - CONTROL NUMBER IDENTIFIER | |
| control field | OSt |
| 005 - DATE AND TIME OF LATEST TRANSACTION | |
| control field | 20251104083917.0 |
| 008 - FIXED-LENGTH DATA ELEMENTS--GENERAL INFORMATION | |
| fixed length control field | 251021b |||||||| |||| 00| 0 eng d |
| 040 ## - CATALOGING SOURCE | |
| Transcribing agency | 0 |
| 082 ## - DEWEY DECIMAL CLASSIFICATION NUMBER | |
| Classification number | DPer 371.91 J826 July-October 2022 v. 27 n. 3-4 |
| 100 ## - MAIN ENTRY--PERSONAL NAME | |
| Personal name | Ma, Yidan. |
| Relator term | author. |
| 9 (RLIN) | 68969 |
| 245 ## - TITLE STATEMENT | |
| Title | Discrimination and deaf adolescents' subjective well-being : |
| Remainder of title | the role of deaf identity / |
| Statement of responsibility, etc. | Yidan Ma, Weifeng Xue, Qin Liu and Yin Xu. |
| 260 ## - PUBLICATION, DISTRIBUTION, ETC. (IMPRINT) | |
| Place of publication, distribution, etc. | USA ; |
| Name of publisher, distributor, etc. | Oxford University Press , |
| Date of publication, distribution, etc. | October 2022. |
| 300 ## - PHYSICAL DESCRIPTION | |
| Extent | Volume 27, pages 399-407 : |
| Other physical details | illustration ; |
| Dimensions | 28 cm. |
| 500 ## - GENERAL NOTE | |
| General note | Journal of Deaf Studies and Deaf Education, vol. 37, no. 4, pages 399-407 , October 2022. |
| 700 ## - ADDED ENTRY--PERSONAL NAME | |
| Personal name | Ma, Yidan. |
| Relator term | author. |
| 9 (RLIN) | 68969 |
| 710 ## - ADDED ENTRY--CORPORATE NAME | |
| Corporate name or jurisdiction name as entry element | Xue, Weifeng. |
| Relator term | author. |
| 9 (RLIN) | 68970 |
| 711 ## - ADDED ENTRY--MEETING NAME | |
| Meeting name or jurisdiction name as entry element | Liu, Qin. |
| Relator term | author. |
| 9 (RLIN) | 68971 |
| 711 ## - ADDED ENTRY--MEETING NAME | |
| Meeting name or jurisdiction name as entry element | Xu, Yin. |
| Relator term | author. |
| 9 (RLIN) | 68972 |
| 942 ## - ADDED ENTRY ELEMENTS (KOHA) | |
| Source of classification or shelving scheme | Dewey Decimal Classification |
| Koha item type | Periodicals |
| Withdrawn status | Lost status | Source of classification or shelving scheme | Damaged status | Not for loan | Collection code | Home library | Current library | Date acquired | Total Checkouts | Full call number | Date last seen | Price effective from | Koha item type | Public note |
|---|---|---|---|---|---|---|---|---|---|---|---|---|---|---|
| Dewey Decimal Classification | Periodicals | UM Digos College - LIC | UM Digos College - LIC | 10/21/2025 | DPer 371.91 J826 July-October 2022 v. 27 n. 3-4 | 10/21/2025 | 10/21/2025 | Periodicals | Periodical Article |
